000 00555nam a2200193Ia 4500
005 20250508165210.0
008 008 250505s9999 xx 000 0 hin d
037 _aDissertations
040 _aFEDL
_beng
_cFEDL
041 _ahin
_2eng
084 _a371.146, SAN/DI
_qFEDL
100 _aSandhya
245 0 _aPurvseva shikshakshiksha evam sevakaleen mudde: Antar ki pahchan
260 _c2012
300 _a85p.
546 _aM.Ed. Dissertation, (Delhi University)
942 _cDIS
_h371.146, SAN/DI
999 _c1393734
_d1393734